| 000 | 03447nam0a2200433 4500 | ||
|---|---|---|---|
| 001 | RU\NLR\BIBL_A\012702130 | ||
| 005 | 20220405174545.0 | ||
| 010 |
_a978-5-00148-216-1 _9100 |
||
| 021 |
_aRU _bКН-П-21-070477 _9КН-П-21-5583 |
||
| 021 |
_aRU _bКН-П-21-070477 _9КН-П-21-5590 |
||
| 035 | _a(NLR Aleph) 012702130 | ||
| 035 | _a(RuMoRGB)010832950 | ||
| 090 |
_a12881851 _c12881851 |
||
| 100 | _a20220207d2021 u y0rusy50 ca | ||
| 101 | 0 |
_arus _aeng |
|
| 102 | _aRU | ||
| 105 | _aa j 000zy | ||
| 181 | 0 |
_ai3 _baxxe |
|
| 182 | 1 | _an | |
| 200 | 1 |
_aАнглийский язык в сфере финансов и банковского дела _dEnglish for banking and finance _eучебное пособие _eдля обучения профессиональному английскому языку бакалавров и магистров _fЕ. Н. Матвиенко, Е. П. Кобелева, А. С. Комкова _gСибирский государственный университет путей сообщения _zeng |
|
| 203 |
_aТекст _bвизуальный _cнепосредственный |
||
| 210 |
_aНовосибирск _cИзд-во Сибирского государственного университета путей сообщения _d2021 |
||
| 215 |
_a136 с. _cил., табл. _d30 |
||
| 320 | _aБиблиогр.: с. 107 | ||
| 330 | _aУчебное пособие способствует формированию профессиональных языковых компетенций будущих специалистов в сфере финансов и банковского дела. Направлено на развитие навыков работы с профессиональной литературой на английском языке, отработку профессиональной экономической и финансовой терминологии, закрепление навыков передачи содержания профессионально-ориентированных текстов с русского языка на английский. Содержит семь тематических разделов, материалы для организации самостоятельной работы, тестовые задания, глоссарий. Предназначено для обучения профессиональному английскому языку бакалавров и магистрантов | ||
| 510 | 1 |
_6z33790 _aEnglish for banking and finance _zeng |
|
| 606 | 1 |
_aАнглийский язык _xУчебные издания для финансистов _2nlr_sh2 _3RU\NLR\AUTH\661433044 |
|
| 610 | 0 | _aанглийский для специалистов в сфере финансов | |
| 675 |
_a811.111(075.8) _v4 |
||
| 686 | 1 | _aШ143.21-93рус329.3 | |
| 700 | 1 |
_aМатвиенко _bЕ. Н. _gЕлена Николаевна _3RU\NLR\AUTH\7793423 |
|
| 701 | 1 |
_aКобелева _bЕ. П. _gЕлена Павловна |
|
| 701 | 1 |
_aКомкова _bА. С. _gАнастасия Сергеевна |
|
| 790 | 1 |
_6z33510 _aMatvienko _bE. N. _gElena Nikolaevna [et al] _3RU\NLR\AUTH\7793424 |
|
| 942 | _cBOOK | ||
| 980 | _aNB | ||